Hundred years of local eslf-government in Assam (Record no. 569)

MARC details
000 -LEADER
fixed length control field 00532cam a2200193ua 4500
001 - CONTROL NUMBER
control field 640
005 - DATE AND TIME OF LATEST TRANSACTION
control field 20260515113212.0
008 - FIXED-LENGTH DATA ELEMENTS--GENERAL INFORMATION
fixed length control field 110411n ii |||gr||||Z||||||eng
040 ## - CATALOGING SOURCE
Transcribing agency MAIN
082 ## - DEWEY DECIMAL CLASSIFICATION NUMBER
Classification number 352.054612
245 1# - TITLE STATEMENT
Title Hundred years of local eslf-government in Assam
Statement of responsibility, etc. by V. Venkata Rao
250 ## - EDITION STATEMENT
Edition statement 3rd.
260 ## - PUBLICATION, DISTRIBUTION, ETC.
Place of publication, distribution, etc. Guwahati:
Name of publisher, distributor, etc. Bani prakash,967.
300 ## - PHYSICAL DESCRIPTION
Extent 504p:
Dimensions 30cm.
653 ## - INDEX TERM--UNCONTROLLED
Uncontrolled term Political science
653 ## - INDEX TERM--UNCONTROLLED
Uncontrolled term Hundred years of local self-government in Assam
700 1# - ADDED ENTRY--PERSONAL NAME
Personal name Rao, V.Venkata.,
Relator term Author.
942 ## - ADDED ENTRY ELEMENTS (KOHA)
Koha item type Books
Holdings
Withdrawn status Lost status Damaged status Not for loan Home library Current library Shelving location Date acquired Total checkouts Full call number Barcode Date last seen Copy number Price effective from Koha item type
        Naharkatiya College Library Naharkatiya College Library General stacks 09/19/2020   352.054612 | RAO 126 09/19/2020 1 09/19/2020 Books